<?xml version="1.0" encoding="UTF-8"?><?xml-stylesheet type="text/xsl" href="static/style.xsl"?><OAI-PMH xmlns="http://www.openarchives.org/OAI/2.0/" xmlns:xsi="http://www.w3.org/2001/XMLSchema-instance" xsi:schemaLocation="http://www.openarchives.org/OAI/2.0/ http://www.openarchives.org/OAI/2.0/OAI-PMH.xsd"><responseDate>2026-06-05T18:01:46Z</responseDate><request verb="GetRecord" identifier="oai:riuma.uma.es:10630/45536" metadataPrefix="marc">https://riuma.uma.es/rest/oai/request</request><GetRecord><record><header><identifier>oai:riuma.uma.es:10630/45536</identifier><datestamp>2026-06-02T10:10:51Z</datestamp><setSpec>com_10630_2254</setSpec><setSpec>col_10630_37953</setSpec></header><metadata><record xmlns="http://www.loc.gov/MARC21/slim" xmlns:dcterms="http://purl.org/dc/terms/" xmlns:doc="http://www.lyncode.com/xoai" xmlns:xsi="http://www.w3.org/2001/XMLSchema-instance" xsi:schemaLocation="http://www.loc.gov/MARC21/slim http://www.loc.gov/standards/marcxml/schema/MARC21slim.xsd">
   <leader>00925njm 22002777a 4500</leader>
   <datafield ind2=" " ind1=" " tag="042">
      <subfield code="a">dc</subfield>
   </datafield>
   <datafield ind2=" " ind1=" " tag="720">
      <subfield code="a">Luque García, José Joaquín</subfield>
      <subfield code="e">author</subfield>
   </datafield>
   <datafield ind2=" " ind1=" " tag="720">
      <subfield code="a">Pinto-Tortosa, Antonio Jesús</subfield>
      <subfield code="e">author</subfield>
   </datafield>
   <datafield ind2=" " ind1=" " tag="260">
      <subfield code="c">2025</subfield>
   </datafield>
   <datafield ind2=" " ind1=" " tag="520">
      <subfield code="a">In the Second Technological Revolution, not only did the West see the development of new strategic industrial sectors, as chemistry, oil, and electricity, but it also witnessed the birth of competition between companies to reach a broader public. In the energy sector, gas companies, which had benefitted till then from monopolistic control of the market, saw the appearance of a fierce competitor: electricity. Therefore, they took the chance to get subscribers, linking their services to bourgeois comfort, which they unsuccessfully tried to extend to the working class. In order to do so, they developed relevant publicity campaigns, in which they insisted on the improvement of homes thanks to gas appliances. In this article, we study the marketing strategies that they deployed for expanding particularly the use of gas heating in Western Europe. We focus on the British, the French, and the Spanish case, as the three countries lived under different circumstances, and they consequently illustrate the different ways in which publicity, linked to gas, evolved.</subfield>
   </datafield>
   <datafield ind1="8" ind2=" " tag="024">
      <subfield code="a">Luque García, José Joaquín y Pinto Tortosa, Antonio Jesús, ‘Gas heating and comfort in European middle-class homes: case study of the United Kingdom, France, and Spain (ca. 1850-ca.1920’, Culture &amp; History Digital Journal, 14(2), 2026, p. 589.</subfield>
   </datafield>
   <datafield ind1="8" ind2=" " tag="024">
      <subfield code="a">2253-797X</subfield>
   </datafield>
   <datafield ind1="8" ind2=" " tag="024">
      <subfield code="a">https://hdl.handle.net/10630/45536</subfield>
   </datafield>
   <datafield ind1="8" ind2=" " tag="024">
      <subfield code="a">10.3989/chdj.2025.589</subfield>
   </datafield>
   <datafield tag="653" ind2=" " ind1=" ">
      <subfield code="a">Calefacción</subfield>
   </datafield>
   <datafield ind2="0" ind1="0" tag="245">
      <subfield code="a">Gas heating and comfort in European middle-class homes: case study of the United Kingdom, France, and Spain (ca. 1850-ca.1920)</subfield>
   </datafield>
</record>
</metadata></record></GetRecord></OAI-PMH>